000
00301nam a2200121Ia 4500
008
190216s9999||||xx |||||||||||||| ||und||
100
_a
Joseph Conrad
245
4
_a
The Nigger Of The Narcissus
260
_b
University Of London Press
_c
1960
300
_a
182p
650
_a
English Drama
942
_c
BK
999
_c
12067
_d
12067